Loading...
Fine Arts - Classical Music | 6 | 23.33 | 100% | 100% | 33% |
Fine Arts - Other Fine Arts | 5 | 18.00 | 100% | 80% | 0% |
Fine Arts - Visual Fine Arts | 5 | 18.00 | 100% | 80% | 0% |
Geography/Current Events | 1 | 30.00 | 100% | 100% | 100% |
History - American History | 4 | 20.00 | 100% | 50% | 50% |
History - European History | 4 | 17.50 | 100% | 50% | 25% |
History - Other History | 6 | 26.67 | 100% | 100% | 67% |
History - World History | 7 | 25.71 | 100% | 100% | 57% |
Literature - American Literature | 7 | 24.29 | 100% | 86% | 57% |
Literature - British Literature | 4 | 25.00 | 100% | 100% | 50% |
Literature - European Literature | 6 | 21.67 | 100% | 83% | 33% |
Literature - World/Other Literature | 4 | 25.00 | 100% | 100% | 50% |
Mythology | 4 | 22.50 | 100% | 100% | 25% |
Other Academic | 1 | 20.00 | 100% | 100% | 0% |
Philosophy | 7 | 24.29 | 100% | 86% | 57% |
Pop Culture | 1 | 10.00 | 100% | 0% | 0% |
Religion | 7 | 20.00 | 100% | 71% | 29% |
Science - Biology | 7 | 18.57 | 100% | 57% | 29% |
Science - Chemistry | 5 | 24.00 | 100% | 80% | 60% |
Science - Other Science | 4 | 27.50 | 100% | 100% | 75% |
Science - Physics | 5 | 26.00 | 100% | 80% | 80% |
Social Science | 5 | 22.00 | 100% | 80% | 40% |
World/Other Literature> | 1 | 20.00 | 100% | 100% | 0% |